Lois de Mendel II - Statistiques

Statistiques générales
  • Ce quiz a été pris 6 fois
  • Le résultat moyen est 4 sur 7
Statistiques - réponses
Question Réponse % Correct
Si un individu est hétérozygote (Aa), alors il peut transmettre soit A soit a à sa descendance. Loi de la ségrégation
100%
Les descendants reçoivent donc un allèle du père et un allèle de la mère. Loi de la ségrégation
50%
Chaque parent transmet un seul allèle pour chaque gène à sa descendance Loi de la ségrégation
50%
Ainsi, les combinaisons d’allèles des différents gènes sont aléatoires. loi de l'assortiment indépendant
50%
La transmission d’un caractère (exemple : couleur des fleurs) est indépendante de celle d’un autre caractère (exemple : forme des graines). loi de l'assortiment indépendant
50%
Les allèles de différents gènes sont répartis indépendamment lors de la formation des gamètes, sauf si ces gènes sont liés sur le même chromosome. loi de l'assortiment indépendant
50%
Chaque individu possède deux copies (allèles) d’un gène, et ces allèles sont séparés (ségrégués) lors de la formation des gamètes (ovules et spermatozoïdes). Chaque gamète ne reçoit qu’un seul allèle. Loi de la ségrégation
0%
Aucun quiz correspondant
Distribution des résultats
% des personnes avec chaque résultat
Percentile par nombre de réponses
Votre historique - résultats
Vous n’avez pas pris ce quiz